| 000 | 01746nam a2200457 a 4500 | ||
|---|---|---|---|
| 001 | 20143 | ||
| 003 | VRT | ||
| 005 | 20260117121225.0 | ||
| 008 | 250414s1983 xo 0 slo | ||
| 015 | _aSNBA1983/12 | ||
| 035 | _aSNK000035900 | ||
| 039 | 9 |
_a202504141520 _bVLOAD _c202407241108 _dAUTHORITY _c202403141155 _dVLOAD _c201905231748 _dAUTHORITY |
|
| 040 |
_aSNK _bslo _cSNK _eAACR2 |
||
| 041 | 0 | _aslo | |
| 044 |
_axo _cSK |
||
| 080 |
_a746.3(035) _21981 |
||
| 080 |
_a67/68 _22001 |
||
| 100 | 1 |
_aBarišová, Margita _4aut |
|
| 245 | 1 | 0 |
_aVyšívame na netradičných materiáloch _cMargita Barišová ; Rudolf Tandlmajer, Peter Rašla |
| 250 | _a1. vyd. | ||
| 260 |
_aBratislava _bPráca _aS.l. _b,t. [vyd.] _c1983 _eMartin _fTlačiarne SNP |
||
| 300 |
_a96 s., 19,83 AH _c30 cm |
||
| 366 | _e60200 výtl. | ||
| 490 | 0 |
_aKnižnica praktických príručiek Práce _vZv. 1/83. |
|
| 500 | _aFot. na rozlož. tit. liste. | ||
| 650 | 0 | 7 |
_aremeslá _2SNKPH |
| 700 | 1 |
_aTandlmajer, Rudolf _c(prekladateľ) _4bkd |
|
| 700 | 1 |
_aRašla, Peter, _d1944- _4bkd |
|
| 942 |
_2ddc _cOLDO _n0 |
||
| 949 |
_63830001056113 _akurukH4/63 _bkuruk2011/F6531 _oG2011/Marion-Antikvariat/07_2011/Krušinská |
||
| 949 |
_63875K10390 _abauluvT 92 D3 _bbauluv2022/10390 _oRCR_BB |
||
| 949 |
_63875K08750 _abauluvT 92 D2 _bbauluv2015/08750 |
||
| 949 |
_617A0778898 _asnkSB 36777 _s6101:20151012 |
||
| 949 |
_617A0074385 _9P60, <04>, [BOOK], {604} _asnkSB 36777 D1 |
||
| 949 |
_64710708143 _astrmkI 746 _bstrmk2008/8143 |
||
| 949 |
_64710705709 _astrmkI 746 _bstrmk2008/5709 |
||
| 949 |
_63875K02560 _abauluvT 92 _bbauluv/2560 |
||
| 949 |
_6273K0070128 _asvkpoC 19758 _bsvkpo303385 |
||
| 999 |
_c20143 _d20143 |
||